000 00368nam a2200145Ia 4500
008 230711s9999||||xx |||||||||||||| ||und||
041 _aENG
082 _a621
_bFI-E
100 _aFitzgerald ,A.E
245 0 _aElectric machinery
250 _a4th Ed.
260 _c1983
_aNew York
_bTata McGraw Hill Education Limited
650 _aElectrical Engineering
942 _cBK
999 _c1436
_d1436